00532nam a22001817a 450000500170000000800410001702000150005804000070007304100120008008200240009210000190011624500680013526000640020330000260026744000280029365000130032165000160033420220715160425.0220715b ||||| |||| 00| 0 eng d a8186019391 cAL aEnglish 223a327.54043bBHAI aC Uday Bhaskar aIndo German Dialogue:Dynamics of the future International Order aNew DelhibInstitute for defence studies and analysisc2001 a134 p.bPBc23x15 cm. aOccasional Paper Series aDynamics aIndo German